000 00316nam a2200133Ia 4500
100 _aKumbhojkar / G.V
650 _aApplied mathematics
942 _cRB
245 _aApplied Mathematics III-Electronics
260 _bC.Jamnadas and Co.
_c2010
082 _a519
_bKUM
546 _aENGLISH
_cproduction
999 _c30986
_d30986